000 00560pab a2200193 454500
008 180718b2010 xxu||||| |||| 00| 0 eng d
100 _aSarkar, Chitta Ranjan
245 _aCorporate social performance of selected public sectors in India: A case study
260 _c2010
300 _ap.80-104.
362 _aJul-Dec
650 _aPublic sector - Case studies
650 _aPublic sector - India
650 _aPublic sector
700 _aNandi, Kartik Chandra
773 _aJournal of Institute of Public Enterprise
908 _aN
909 _a90260
999 _c90260
_d90260